Дело о службе состоявшего в ведомстве Театральной дирекции сторожем при Александринском театре, уволенного отставного унтер-офиц...

Доступно только в Электронных читальных залах Найти на картеНа карте
RUSMARC
00003805nmc2a22000003x 450
0010a2e0e67-3417-4ab9-b8a7-21f711a16ef0
00520181224234421.0
100##$a20170627l18461847k l0rusy0189 ca
1010#$arus
102##$aRU
2001#$aДело о службе состоявшего в ведомстве Театральной дирекции сторожем при Александринском театре, уволенного отставного унтер-офицера Григорья Уварова
$j6 сентября 1846 г. - 10 февраля 1847 г.
251##$cДело
300##$aПо Санкт-Петербургской дирекции за 1846 год
300##$aДело
801#0$aRU
$bРГИА
$c20170627
$gRCR
801#1$aRU
$bГлавНИВЦ
$c20170627
$2rusmarc
801#2$aRU
$bПБ им. Б.Н. Ельцина
$c20181224
$gRCR
$2rusmarc
850##$aРГИА
852##$aРГИА
$eФедеральное казенное учреждение "Российский государственный исторический архив" (РГИА)
$j10772
937##$hРГИА
$d12246396
$aASBIBLIO_SCAN
462#0$1001dd3991dc-24e1-42ec-8838-ca4255420416
$12001
$a1746-1850 гг.
$1251
$cОпись
$1852
$j1
461#0$10019264ebf8-de62-4f1a-9eb4-9f22098dbbd5
$12001
$aДирекция императорских театров МИДв
$1251
$cФонд
$1852
$j497
215##$a14 л.
$d36,5х26 см
371##$aДокумент не является опубликованным и широко распространяемым
105##$ay###
1222#$ad
035##$a0a2e0e67-3417-4ab9-b8a7-21f711a16ef0
856##$uhttp://readingroom.main.prlib.ru/item.aspx?id_node=n122296371&mode=full
Формат отображения